[Event "CZE-chT2E 1718"]
[Site "Czech Republic"]
[Date "2018.02.25"]
[Round "9.6"]
[White "Stuchly, Ondrej"]
[Black "Krena, Bohuslav"]
[Result "1/2-1/2"]
[WhiteElo "2087"]
[BlackElo "1958"]
[PlyCount "38"]
[EventDate "2017.10.15"]
[EventType "team-tourn"]
[EventRounds "11"]
[EventCountry "CZE"]
[SourceTitle "EXT 2022"]
[Source "ChessBase"]
[SourceDate "2021.10.06"]
[SourceVersion "1"]
[SourceVersionDate "2021.10.06"]
[SourceQuality "1"]
[WhiteTeam "Stare Mesto II"]
[BlackTeam "Kurim"]
[WhiteTeamCountry "CZE"]
[BlackTeamCountry "CZE"]

1. d4 e6 2. c4 f5 3. g3 Nf6 4. Bg2 d5 5. Nc3 c6 6. Bg5 Be7 7. Nf3 0-0 8. 0-0 Qe8 9. c5 Nbd7 10. e3 Qh5 11. h4 h6 12. Bxf6 Bxf6 13. Ne1 Qxd1 14. Rxd1 b6 15. cxb6 axb6 16. Nf3 g6 17. Rc1 Bb7 18. Rfd1 Kg7 19. a3 g5 1/2-1/2

[Event "CZE-chT U18 Extraliga final-A 1617"]
[Site "Czech Republic"]
[Date "2017.04.21"]
[Round "8.3"]
[White "Mladek, Richard"]
[Black "Stuchly, Ondrej"]
[Result "1-0"]
[WhiteElo "2055"]
[BlackElo "2064"]
[PlyCount "73"]
[EventDate "2016.10.01"]
[EventType "team-tourn"]
[EventRounds "11"]
[EventCountry "CZE"]
[SourceTitle "EXT 2022"]
[Source "ChessBase"]
[SourceDate "2021.10.06"]
[SourceVersion "1"]
[SourceVersionDate "2021.10.06"]
[SourceQuality "1"]
[WhiteTeam "Vlasim U18"]
[BlackTeam "Stare Mesto U18"]
[WhiteTeamCountry "CZE"]
[BlackTeamCountry "CZE"]

1. e4 e6 2. d4 d5 3. Nd2 c5 4. exd5 exd5 5. Ngf3 Bd6 6. Bb5+ Nc6 7. 0-0 Nge7 8. dxc5 Bxc5 9. Nb3 Bd6 10. Re1 0-0 11. Bd3 Ng6 12. Bg5 f6 13. Bxg6 hxg6 14. Qxd5+ Kh8 15. Rad1 Bb4 16. Qc4 Bxe1 17. Rxd8 Rxd8 18. Qh4+ Kg8 19. Qc4+ Kh8 20. Be3 Bb4 21. Nbd4 Bg4 22. h3 Bxf3 23. Nxf3 Rac8 24. c3 Bd6 25. Qf7 b6 26. Qxg6 Ne5 27. Qh5+ Kg8 28. Nd4 Nc4 29. Nc6 Rd7 30. Qd5+ Kf8 31. Bf4 Ne5 32. Bxe5 fxe5 33. Nxe5 Bxe5 34. Qxd7 Re8 35. Qxa7 Bd6 36. g4 Bc5 37. b4 1-0

[Event "CZE-chT U18 Extraliga Ost 1617"]
[Site "Czech Republic"]
[Date "2016.10.01"]
[Round "1.2"]
[White "Stuchly, Ondrej"]
[Black "Svanda, Ondrej"]
[Result "1-0"]
[WhiteElo "2064"]
[BlackElo "2007"]
[PlyCount "58"]
[EventDate "2016.10.01"]
[EventType "team-tourn"]
[EventRounds "11"]
[EventCountry "CZE"]
[SourceTitle "EXT 2022"]
[Source "ChessBase"]
[SourceDate "2021.10.06"]
[SourceVersion "1"]
[SourceVersionDate "2021.10.06"]
[SourceQuality "1"]
[WhiteTeam "Stare Mesto U18"]
[BlackTeam "Policka Stefanydes U18"]
[WhiteTeamCountry "CZE"]
[BlackTeamCountry "CZE"]

1. d4 Nf6 2. c4 e6 3. Nc3 Bb4 4. e3 b6 5. Bd3 Bb7 6. Nf3 0-0 7. 0-0 c5 8. a3 cxd4 9. exd4 Bxc3 10. bxc3 d6 11. Bg5 h6 12. Bh4 Nbd7 13. Re1 Qc7 14. Nd2 Rac8 15. Bg3 Rfe8 16. Qa4 Bc6 17. Qb4 Qb7 18. f3 d5 19. cxd5 exd5 20. Bf5 Rcd8 21. Nf1 Nf8 22. Bh4 Ng6 23. Bxf6 gxf6 24. Ng3 Bd7 25. Rxe8+ Bxe8 26. Nh5 Qc6 27. Bxg6 fxg6 28. Qe7 gxh5 29. Qxd8 Kf7 1-0

[Event "CZE-chT U18 Extraliga final-A 1516"]
[Site "Czech Republic"]
[Date "2016.04.24"]
[Round "11.1"]
[White "Pychova, Nela"]
[Black "Stuchly, Ondrej"]
[Result "0-1"]
[WhiteElo "2137"]
[BlackElo "1984"]
[PlyCount "94"]
[EventDate "2015.10.03"]
[EventType "team-tourn"]
[EventRounds "11"]
[EventCountry "CZE"]
[SourceTitle "EXT 2022"]
[Source "ChessBase"]
[SourceDate "2021.10.06"]
[SourceVersion "1"]
[SourceVersionDate "2021.10.06"]
[SourceQuality "1"]
[WhiteTeam "Vlasim U18"]
[BlackTeam "Stare Mesto U18"]
[WhiteTeamCountry "CZE"]
[BlackTeamCountry "CZE"]

1. d4 d5 2. c4 e6 3. Nc3 Nf6 4. cxd5 exd5 5. Bg5 Be7 6. e3 c6 7. Bd3 0-0 8. Qc2 Nbd7 9. Nf3 Re8 10. 0-0 Nf8 11. h3 g6 12. Bh6 Ne6 13. Ne5 Ng7 14. g4 c5 15. Bb5 Rf8 16. Qe2 a6 17. Ba4 Bd6 18. f4 b5 19. Bc2 Re8 20. Qf3 cxd4 21. exd4 Ne6 22. Rad1 Bb7 23. Bg5 Be7 24. Bh4 b4 25. f5 Nxd4 26. Rxd4 Bc5 27. Ne2 Qb6 28. Qf4 Rxe5 29. Qxe5 Re8 30. Qxf6 Rxe2 31. Qxb6 Bxb6 32. Bf2 Bxd4 33. Bxd4 Rxc2 34. Re1 Kf8 35. f6 Bc8 36. Re7 Be6 37. Be3 h5 38. gxh5 gxh5 39. Bh6+ Kg8 40. Ra7 Rxb2 41. Bg7 Rxa2 42. h4 b3 43. Ra8+ Kh7 44. Rh8+ Kg6 45. Rh6+ Kf5 46. Rxh5+ Kg4 47. Re5 b2 0-1

[Event "CZE-chT U18 Extraliga final-A 1516"]
[Site "Czech Republic"]
[Date "2016.04.22"]
[Round "8.1"]
[White "Stuchly, Ondrej"]
[Black "Miesbauer, Jan"]
[Result "0-1"]
[WhiteElo "1984"]
[BlackElo "2297"]
[PlyCount "66"]
[EventDate "2015.10.03"]
[EventType "team-tourn"]
[EventRounds "11"]
[EventCountry "CZE"]
[SourceTitle "EXT 2022"]
[Source "ChessBase"]
[SourceDate "2021.10.06"]
[SourceVersion "1"]
[SourceVersionDate "2021.10.06"]
[SourceQuality "1"]
[WhiteTeam "Stare Mesto U18"]
[BlackTeam "Klatovy U18"]
[WhiteTeamCountry "CZE"]
[BlackTeamCountry "CZE"]

1. d4 Nf6 2. c4 g6 3. Nf3 Bg7 4. g3 d6 5. Bg2 0-0 6. 0-0 Nbd7 7. Nc3 e5 8. e4 exd4 9. Nxd4 Re8 10. Re1 Nc5 11. h3 a5 12. b3 c6 13. Rb1 Nfd7 14. Be3 Ne5 15. f4 Ned3 16. Re2 f5 17. a3 fxe4 18. b4 axb4 19. axb4 Nxb4 20. Rxb4 Ra3 21. Rc2 Qa5 22. Rb1 Rxc3 23. Qd2 Ra3 24. Qxa5 Rxa5 25. Nb3 Nxb3 26. Rxb3 Ra1+ 27. Kf2 Rd1 28. g4 d5 29. cxd5 cxd5 30. Ke2 Ra1 31. Rd2 Ra4 32. Rb5 d4 33. Bg1 d3+ 0-1

[Event "CZE-chT2F 1516"]
[Site "Czech Republic"]
[Date "2016.02.07"]
[Round "7.27"]
[White "Krejca, Jakub"]
[Black "Stuchly, Ondrej"]
[Result "1/2-1/2"]
[WhiteElo "2055"]
[BlackElo "2047"]
[PlyCount "98"]
[EventDate "2015.10.18"]
[EventType "team-tourn"]
[EventRounds "11"]
[EventCountry "CZE"]
[SourceTitle "EXT 2022"]
[Source "ChessBase"]
[SourceDate "2021.10.06"]
[SourceVersion "1"]
[SourceVersionDate "2021.10.06"]
[SourceQuality "1"]
[WhiteTeam "Hostalkova"]
[BlackTeam "Stare Mesto II"]
[WhiteTeamCountry "CZE"]
[BlackTeamCountry "CZE"]

1. e4 e6 2. g3 d5 3. Bg2 Nf6 4. Nc3 c5 5. d3 Be7 6. Nh3 Nc6 7. exd5 exd5 8. Nf4 Bg4 9. Qd2 d4 10. Ncd5 0-0 11. h3 Bf5 12. 0-0 Nxd5 13. Nxd5 Bd6 14. Qg5 Qxg5 15. Bxg5 f6 16. Bf4 Rad8 17. Bxd6 Rxd6 18. Rfe1 Kf7 19. g4 Bc8 20. Nf4 g5 21. Bd5+ Kg7 22. Ne6+ Bxe6 23. Bxe6 Ne5 24. Bf5 Nf3+ 25. Kg2 Nxe1+ 26. Rxe1 Ra6 27. a3 h6 28. Re7+ Rf7 29. Re8 Rc6 30. Be6 Rfc7 31. Rg8+ Kh7 32. Re8 b5 33. Bf5+ Kg7 34. Rd8 Re7 35. Be4 Rce6 36. Kf3 h5 37. Rb8 hxg4+ 38. hxg4 a6 39. Rc8 Re5 40. Rc6 R7e6 41. Rc7+ Kf8 42. Bf5 Rd6 43. Rc8+ Ke7 44. Rc7+ Ke8 45. Rc8+ Rd8 46. Rc6 Re1 47. Rxc5 Rb1 48. b3 Ra1 49. Rc6 Rxa3 1/2-1/2

[Event "CZE-chT U18 Extraliga Ost 1516"]
[Site "Czech Republic"]
[Date "2016.01.23"]
[Round "7.1"]
[White "Stuchly, Ondrej"]
[Black "Lojek, Marek"]
[Result "1-0"]
[WhiteElo "1984"]
[BlackElo "1965"]
[PlyCount "65"]
[EventDate "2015.10.03"]
[EventType "team-tourn"]
[EventRounds "11"]
[EventCountry "CZE"]
[SourceTitle "EXT 2022"]
[Source "ChessBase"]
[SourceDate "2021.10.06"]
[SourceVersion "1"]
[SourceVersionDate "2021.10.06"]
[SourceQuality "1"]
[WhiteTeam "Stare Mesto U18"]
[BlackTeam "Orlova Slavia U18"]
[WhiteTeamCountry "CZE"]
[BlackTeamCountry "CZE"]

1. d4 Nf6 2. c4 c5 3. d5 b5 4. cxb5 a6 5. bxa6 g6 6. Nc3 Bxa6 7. e4 d6 8. Bxa6 Rxa6 9. f4 Nbd7 10. Nf3 Nb6 11. Qb3 Qa8 12. e5 Nfd7 13. 0-0 Bg7 14. exd6 exd6 15. Nb5 Qb8 16. Re1+ Kf8 17. f5 Ra4 18. Nc3 Rb4 19. Qc2 Nc4 20. a3 Rb3 21. Qe2 Nde5 22. Nxe5 Nxe5 23. a4 h5 24. Rf1 g5 25. f6 Bxf6 26. Rxf6 Kg7 27. Rf5 g4 28. Nb5 Re8 29. Qc2 c4 30. Bf4 Qb6+ 31. Kh1 Nd3 32. Bg3 Kg6 33. Raf1 1-0

[Event "Stare Mesto op"]
[Site "Stare Mesto"]
[Date "2015.08.21"]
[Round "9"]
[White "Stuchly, Ondrej"]
[Black "Cip, Dalibor"]
[Result "0-1"]
[WhiteElo "1979"]
[BlackElo "2143"]
[PlyCount "80"]
[EventDate "2015.08.14"]
[EventType "swiss"]
[EventRounds "10"]
[EventCountry "CZE"]
[SourceTitle "EXT 2016"]
[Source "ChessBase"]
[SourceDate "2015.10.08"]
[SourceVersion "1"]
[SourceVersionDate "2015.10.08"]
[SourceQuality "1"]

1. d4 Nf6 2. c4 e6 3. Nc3 Bb4 4. e3 0-0 5. Bd3 d5 6. Nf3 b6 7. a3 Bd6 8. e4 dxe4 9. Nxe4 Bb7 10. Nxd6 cxd6 11. Bg5 Nbd7 12. 0-0 Rc8 13. Re1 d5 14. b3 Qc7 15. Rc1 Qd6 16. Ne5 dxc4 17. bxc4 Nxe5 18. dxe5 Qc6 19. f3 Qc5+ 20. Kh1 Ne8 21. f4 g6 22. Qg4 Ng7 23. Qh4 Rfe8 24. Rcd1 Bc6 25. Bf6 Qxa3 26. Re3 Qf8 27. Rh3 h5 28. Qg5 Red8 29. Re1 Qb4 30. Rg1 Rxd3 31. Rxd3 Nf5 32. Rgd1 Kh7 33. h3 Qxc4 34. Rd8 Bd5 35. Rd7 Kg8 36. Rxa7 Qb3 37. Rda1 Qxh3+ 38. Kg1 Qe3+ 39. Kh1 b5 40. R7a3 Rc1+ 0-1

[Event "Vsetin op 40th"]
[Site "Vsetin"]
[Date "2015.07.09"]
[Round "7"]
[White "Stuchly, Ondrej"]
[Black "Kovarik, Matyas"]
[Result "1-0"]
[WhiteElo "1923"]
[BlackElo "1758"]
[PlyCount "93"]
[EventDate "2015.07.04"]
[EventType "swiss"]
[EventRounds "9"]
[EventCountry "CZE"]
[SourceTitle "CBM 167 Extra"]
[Source "ChessBase"]
[SourceDate "2015.09.14"]
[SourceVersion "1"]
[SourceVersionDate "2015.09.14"]
[SourceQuality "1"]

1. d4 Nf6 2. c4 e5 3. dxe5 Ng4 4. Nf3 Nc6 5. Bf4 Bb4+ 6. Nbd2 Qe7 7. a3 Bxd2+ 8. Qxd2 Ngxe5 9. Nxe5 Nxe5 10. e3 0-0 11. Be2 d6 12. 0-0 Bd7 13. c5 Bc6 14. cxd6 cxd6 15. b4 b5 16. Rfd1 Rfd8 17. Qd4 f6 18. a4 bxa4 19. Bxe5 dxe5 20. Qc4+ Kh8 21. Qxc6 Qxb4 22. Rxd8+ Rxd8 23. Qxa4 Qxa4 24. Rxa4 Rd7 25. g4 Kg8 26. Kg2 Kf7 27. Ra6 g6 28. Kf3 Kg7 29. Ke4 Kf7 30. h4 h6 31. g5 hxg5 32. hxg5 fxg5 33. Kxe5 Re7+ 34. Kd5 Rc7 35. e4 Rc2 36. Rxa7+ Kf8 37. Bd3 Rd2 38. Kd4 Rxf2 39. e5 Rd2 40. e6 Rd1 41. Ke3 Re1+ 42. Be2 Ke8 43. Kf2 Rb1 44. Bd3 Rb2+ 45. Ke1 Rb6 46. Bxg6+ Kf8 47. e7+ 1-0

[Event "Vsetin op 40th"]
[Site "Vsetin"]
[Date "2015.07.08"]
[Round "6"]
[White "Hastik, Svatopluk"]
[Black "Stuchly, Ondrej"]
[Result "1-0"]
[WhiteElo "2052"]
[BlackElo "1923"]
[PlyCount "113"]
[EventDate "2015.07.04"]
[EventType "swiss"]
[EventRounds "9"]
[EventCountry "CZE"]
[SourceTitle "CBM 167 Extra"]
[Source "ChessBase"]
[SourceDate "2015.09.14"]
[SourceVersion "1"]
[SourceVersionDate "2015.09.14"]
[SourceQuality "1"]

1. d4 d5 2. c4 e6 3. Nc3 Nf6 4. Bg5 Be7 5. e3 0-0 6. Nf3 Nbd7 7. Bd3 dxc4 8. Bxc4 c5 9. dxc5 Nxc5 10. Qxd8 Rxd8 11. Ke2 Bd7 12. Ne5 Be8 13. Rhd1 h6 14. Bh4 g5 15. Bg3 Nfe4 16. Nxe4 Nxe4 17. Rxd8 Rxd8 18. Rd1 Rxd1 19. Kxd1 Nxg3 20. hxg3 Bf6 21. Nd3 Bc6 22. f3 a5 23. b4 b5 24. Bb3 a4 25. Bc2 Bd5 26. a3 Bc4 27. g4 Kf8 28. g3 Ke7 29. f4 Kd6 30. e4 Bd4 31. Kd2 f6 32. f5 exf5 33. exf5 Kc6 34. Kc1 Bb3 35. Ne1 Bf2 36. Nf3 Bd5 37. Bd1 Bxg3 38. Nd4+ Kb6 39. Be2 Bf4+ 40. Kc2 Be4+ 41. Kc3 Be5 42. Bxb5 Bf3 43. Bxa4 Bxg4 44. Bc2 Bf3 45. Kd3 Bd5 46. Bd1 Bf7 47. a4 h5 48. a5+ Ka6 49. Be2 Bc7 50. Ne6 Be5 51. Ke4+ Ka7 52. b5 Be8 53. Bc4 g4 54. b6+ Kb7 55. Nd8+ Kc8 56. a6 Kxd8 57. Bd5 1-0

[Event "Vsetin op 40th"]
[Site "Vsetin"]
[Date "2015.07.05"]
[Round "2"]
[White "Stuchly, Ondrej"]
[Black "Kovacik, Emil"]
[Result "1/2-1/2"]
[WhiteElo "1923"]
[BlackElo "2194"]
[PlyCount "60"]
[EventDate "2015.07.04"]
[EventType "swiss"]
[EventRounds "9"]
[EventCountry "CZE"]
[SourceTitle "CBM 167 Extra"]
[Source "ChessBase"]
[SourceDate "2015.09.14"]
[SourceVersion "1"]
[SourceVersionDate "2015.09.14"]
[SourceQuality "1"]

1. d4 e6 2. c4 f5 3. g3 Nf6 4. Bg2 c6 5. Nf3 d5 6. 0-0 Bd6 7. b3 Qe7 8. a4 a5 9. Ba3 Bxa3 10. Nxa3 0-0 11. Nc2 Bd7 12. Nce1 Be8 13. Nd3 Bh5 14. Nfe5 Nbd7 15. Qc2 Nxe5 16. Nxe5 Nd7 17. Nd3 dxc4 18. bxc4 e5 19. Rab1 Rab8 20. dxe5 Nxe5 21. Qc3 Nxd3 22. exd3 Qc7 23. Rfe1 Rfe8 24. d4 Bf7 25. Rbd1 f4 26. d5 cxd5 27. Bxd5 Bxd5 28. Rxd5 Rxe1+ 29. Qxe1 Qc6 30. Qxa5 fxg3 1/2-1/2

[Event "CZE-chT U20 Extraliga Ost 1415"]
[Site "Czech Republic"]
[Date "2015.01.24"]
[Round "6.1"]
[White "Fuskova, Martina"]
[Black "Stuchly, Ondrej"]
[Result "1/2-1/2"]
[WhiteElo "2024"]
[BlackElo "1887"]
[PlyCount "110"]
[EventDate "2014.10.11"]
[EventType "team-tourn"]
[EventRounds "11"]
[EventCountry "CZE"]
[SourceTitle "EXT 2021"]
[Source "ChessBase"]
[SourceDate "2020.10.23"]
[SourceVersion "1"]
[SourceVersionDate "2020.10.23"]
[SourceQuality "1"]
[WhiteTeam "Frydek Mistek (U20)"]
[BlackTeam "Stare Mesto (U20)"]
[WhiteTeamCountry "CZE"]
[BlackTeamCountry "CZE"]

1. e4 e6 2. d4 d5 3. Nc3 Bb4 4. e5 c5 5. a3 Ba5 6. b4 cxd4 7. Nb5 Bc7 8. f4 Bd7 9. Nf3 Bxb5 10. Bxb5+ Nd7 11. Bb2 Ne7 12. Nxd4 0-0 13. 0-0 g6 14. Kh1 Nb6 15. Qe2 a6 16. Bd3 Na4 17. Bc1 Bb6 18. Nf3 Rc8 19. Bd2 Nb2 20. Rac1 Nxd3 21. Qxd3 Rc4 22. c3 Qc7 23. Qe2 Rc8 24. Qe1 Nf5 25. g4 Ng7 26. Qh4 d4 27. cxd4 Qd7 28. Qf2 Qd5 29. Kg1 h5 30. h3 Rd8 31. Rxc4 Qxc4 32. Rc1 Qd3 33. Bc3 Rc8 34. Bb2 Rxc1+ 35. Bxc1 Qd1+ 36. Qf1 Bxd4+ 37. Nxd4 Qxd4+ 38. Qf2 Qc3 39. Qe3 Qc2 40. Qd2 Qxd2 41. Bxd2 hxg4 42. hxg4 Ne8 43. Kf2 Nc7 44. Ke3 Kf8 45. Bc1 Ke7 46. Kd4 Kd7 47. Kc5 Nd5 48. g5 b6+ 49. Kc4 Kc6 50. Bd2 b5+ 51. Kd4 Kb6 52. Ke4 Kc6 53. Kd4 Kb6 54. Ke4 Kc7 55. Kd4 Kb6 1/2-1/2

[Event "CZE-chT U20 Extraliga Ost 1415"]
[Site "Czech Republic"]
[Date "2014.10.11"]
[Round "2.2"]
[White "Stuchly, Ondrej"]
[Black "Dvorak, Adam"]
[Result "0-1"]
[WhiteElo "1887"]
[BlackElo "2036"]
[PlyCount "76"]
[EventDate "2014.10.11"]
[EventType "team-tourn"]
[EventRounds "11"]
[EventCountry "CZE"]
[SourceTitle "EXT 2021"]
[Source "ChessBase"]
[SourceDate "2020.10.23"]
[SourceVersion "1"]
[SourceVersionDate "2020.10.23"]
[SourceQuality "1"]
[WhiteTeam "Stare Mesto (U20)"]
[BlackTeam "Brno Lokomotiva (U20)"]
[WhiteTeamCountry "CZE"]
[BlackTeamCountry "CZE"]

1. d4 Nf6 2. c4 c5 3. d5 e6 4. Nc3 exd5 5. cxd5 d6 6. g3 g6 7. Bg2 Bg7 8. Nf3 0-0 9. 0-0 Re8 10. Nd2 Nbd7 11. h3 a6 12. a4 Rb8 13. Nc4 Nb6 14. Na3 Na8 15. Qd3 Nc7 16. a5 Nd7 17. e4 f5 18. Bf4 Ne5 19. Qd1 Nf7 20. exf5 Bxf5 21. Re1 Qf6 22. Nc4 Nb5 23. Rxe8+ Rxe8 24. Qa4 Nc7 25. Ne3 Bd3 26. Rd1 Bb5 27. Qc2 Qd8 28. h4 Bd7 29. Be4 Nb5 30. Nc4 Nd4 31. Qb1 Bb5 32. Ne3 Be2 33. Re1 Bf3 34. Bd3 Be5 35. Ng2 Qd7 36. Be2 Bxe2 37. Rxe2 Nf3+ 38. Kf1 Qh3 0-1

[Event "CZE-ch U16"]
[Site "Kouty nad Desnou"]
[Date "2014.03.14"]
[Round "8"]
[White "Stuchly, Ondrej"]
[Black "Havelka, Josef"]
[Result "0-1"]
[WhiteElo "1791"]
[BlackElo "1988"]
[PlyCount "84"]
[EventDate "2014.03.08"]
[EventType "swiss"]
[EventRounds "9"]
[EventCountry "CZE"]
[SourceTitle "EXT 2015"]
[Source "ChessBase"]
[SourceDate "2014.11.20"]
[SourceVersion "1"]
[SourceVersionDate "2014.11.20"]
[SourceQuality "1"]

1. e4 e5 2. Nf3 Nc6 3. Bb5 a6 4. Ba4 Nge7 5. 0-0 g6 6. c3 Bg7 7. d4 exd4 8. cxd4 b5 9. Bb3 0-0 10. h3 d6 11. Re1 Na5 12. Bc2 c5 13. Bg5 h6 14. Bf4 cxd4 15. Nxd4 Nc4 16. b3 Qb6 17. bxc4 Qxd4 18. Bxd6 Qxa1 19. Bxe7 Re8 20. Bb4 Be6 21. cxb5 axb5 22. Bb3 Bxb3 23. axb3 Qd4 24. Qxd4 Bxd4 25. Na3 Bc3 26. Bxc3 Rxa3 27. Bd2 Rxb3 28. Bxh6 b4 29. Bg5 Rc3 30. Bf6 Rc6 31. Bb2 Rc2 32. Bf6 Rec8 33. Re3 Rc1+ 34. Kh2 Rb1 35. Rg3 Rc6 36. e5 Kf8 37. Rd3 Rc8 38. Rd7 Rb8 39. Be7+ Ke8 40. Ra7 b3 41. Bd6 Rb6 42. Re7+ Kd8 0-1

[Event "CZE-ch U14"]
[Site "Kouty nad Desnou"]
[Date "2013.03.16"]
[Round "9"]
[White "Vykouk, Jan"]
[Black "Stuchly, Ondrej"]
[Result "1-0"]
[WhiteElo "1992"]
[BlackElo "1692"]
[PlyCount "45"]
[EventDate "2013.03.09"]
[EventType "swiss"]
[EventRounds "9"]
[EventCountry "CZE"]
[SourceTitle "EXT 2015"]
[Source "ChessBase"]
[SourceDate "2014.11.20"]
[SourceVersion "1"]
[SourceVersionDate "2014.11.20"]
[SourceQuality "1"]

1. e4 e6 2. d4 d5 3. Nd2 c5 4. Ngf3 Nc6 5. c3 cxd4 6. cxd4 dxe4 7. Nxe4 Be7 8. Bd3 Nf6 9. 0-0 0-0 10. Be3 Nb4 11. Bb1 b6 12. a3 Nbd5 13. Ne5 Bb7 14. Qd3 g6 15. Bh6 Re8 16. Nxf7 Kxf7 17. Ng5+ Kg8 18. Nxh7 Nf4 19. Nxf6+ Bxf6 20. Bxf4 Qxd4 21. Qxg6+ Bg7 22. Bh6 Qxb2 23. Qh7+ 1-0